000 00502nam a2200169Ia 4500
008 230714s9999 xx 000 0 und d
020 _a9790000000000
041 _aeng
082 _a670.28'54
_bVEN
100 _aVenugopal K.
245 _aComputer Aided Drafting And Modeling Lab
260 _c2017
_bScitech Publications
300 _a465
365 _cRs.
_b450.00
700 _aVenugopal K.; Prabhu Raja V. & Sreekanjana G.
_9201112
906 _dO:0612119-Sep-2018B:463320-Aug-2018
_cMECH
_b1125
999 _c224143
_d224143